000
00209 a2200097 4500
001
42700
100
_a
Bigland
245
_a
The Story of the W R N S
260
_a
London
_b
Nicholson
_c
090
_c
26593
_d
26593
942
_a
NUST-CAE
_c
M
_c
18439
999
_c
277773
_d
277773